000 03723nam a2200565Ia 4500
001 5581
008 241029s9999 xx 000 0 und d
010 _a5258
041 _aEspañol
082 _aNO APLICA
245 0 _aDiagnóstico del uso de las TICs, en los docentes en el proceso de enseñanza aprendizaje del Álgebra en el Primer Grado de Primer Ciclo Nivel Medio en el Liceo Juan Ramón Núñez Castillo, Distrito Educativo 15-01 año escolar 2014 - 2015.
260 _aSanto Domingo
300 _a84
520 _a52
630 _aDiagnóstico
630 _aEnseñanza Virtual
630 _aEnseñanza-Aprendizaje
630 _aTecnología de la Información y Comunicación (TICs)
630 _aTecnología Educativa
650 _aMatemática
690 _aSintetizado
700 _easesor
_aCastro Araújo , Lucía
700 _eautor
_aTejeda Matos , Edisson
901 _a{"1":"Tejeda Matos "}
_b{"1":" Edisson "}
902 _a1
903 _a{"1":"Castro Araújo "}
_b{"1":" Lucía "}
904 _aMaestría Profesionalizante en
905 _aDidáctica de las Matemáticas
906 _a2
907 _aNO APLICA
908 _aNO APLICA
909 _aUniversidad Autónoma de Santo Domingo (UASD)
910 _aNULL
_bNULL
911 _a["1"]
912 _aNO APLICA
913 _aNULL
914 _a03 de Agosto de 2015
915 _a30/11/19 08:11
916 _aNULL
917 _aNULL
918 _aNO APLICA
919 _a["217","210","89","296","191"]
520 _aEl estudio planteo como objetivo, valorar de la formación y uso de las TICS de los docentes en el proceso de enseñanza aprendizaje del Álgebra en el Primer Grado de Primer Ciclo del Nivel Medio en el Liceo Juan Ramón Núñez Castillo Distrito Educativo 15-01 año escolar 2014-2015. El enfoque fue de corte mixto cualitativo y cuantitativa, fueron utilizados los métodos inductivo - deductivo, analítico y síntesis, la técnica de recolección utilizada fueron, la observación, y la encuesta. La población en estudio estuvo constituida por 5 docentes del área de Matemática del. Liceo Juan Ramón Núñez Castillo. Se ha decidido trabajar con toda la población debido a lo poco representativa de la misma. El estudio concluyó que, el Liceo Juan Ramón Núñez Castillo, cuenta con medios tecnológicos, de los cuales los docentes manejan solo algunos de ellos. Pero no lo utilizan en el proceso de enseñanza aprendizaje del Álgebra debido a la falta de capacitación para su uso, lo que les dificulta la utilización de los mismo en su labor docente. Además, se evidenció que, aunque ellos no utilizan las TICS reconocen que puede ser un recurso valioso si se incorpora en el proceso de enseñanza por lo que éstos se mostraron motivados y abiertos a las capacitaciones que lleguen acerca del uso de las TICS.El estudio recomendó, orientar a los docentes sobre la importancia de las TICS como recurso pedagógico. Capacitar a los docentes de dicho centro en el uso de las TICS. Impartir curso sobre uso y manejo de software educativos como son: GeoGebra, Derive, E-learning etc.  Orientar a los docentes de dicho centro para que en la planificación de cada unidad de clase sean incluida el uso de las TICS. Dotar dicho centro de servicio de Internet y un mejor servicio de energía eléctrica. Asignar tareas a los estudiantes que implique el uso de las TICS. Incorporar a los docentes de dicho centro en los programas de becas de maestría y posgrado para ampliar sus conocimientos en su área y mejorar su práctica pedagógica. 
921 _a50
922 _a50
923 _a0
924 _a20190910192438
942 _cTesis
999 _c5258
_d5258